000
00225 a2200097 4500
001
47882
100
_a
Ward R S
245
_a
Asia for the Asiatics?
260
_a
Chicago
_b
University Press Chicago
_c
090
_c
30877
_d
30877
942
_a
NUST-CAE
_c
M
_c
23199
999
_c
282955
_d
282955